000 01476cam a2200169 4500500
005 20260208010237.0
041 _afre
042 _adc
100 1 0 _aWeindling, Paul
_eauthor
700 1 0 _aRichard, Jean-Pierre
_eauthor
245 0 0 _aL’eugénisme comme médecine sociale : l’époque de Weimar
260 _c2005.
500 _a67
520 _aThe Weimar Republic saw new concerns to weed out supposedly “inferior” persons who spread psychological and physical disabilities. Within the framework of a democratic state, professional experts sought to identify those of “lesser value” – the so-called Minderwertigen. On the other hand, those of high eugenic value were encouraged to have large families. Eugenics should be seen as part of a human economy – or Menschenökonomie – promoting a fit and strong population. The targets of Weimar eugenic welfare schemes included juvenile delinquents, vagrants, the mentally ill, and the mentally and physically disabled. Population was the “organic capital of the state”. These concepts allowed for a biological programming of public health and social welfare. At the time these measures seemed progressive, but in retrospect they can be seen as laying the foundations of a “racial state”.
786 0 _nRevue d’Histoire de la Shoah | 183 | 2 | 2005-10-19 | p. 135-142 | 2111-885X
856 4 1 _uhttps://shs.cairn.info/revue-d-histoire-de-la-shoah-2005-2-page-135?lang=fr&redirect-ssocas=7080
999 _c1655714
_d1655714